[Event "ICS rated standard match"]
[Site "204.178.125.65"]
[Date "2000.08.13"]
[Round "?"]
[White "Tinker"]
[Black "Hossa"]
[Result "1-0"]
[WhiteElo "2370"]
[BlackElo "2350"]
[PlyCount "157"]
[EventDate "2000.??.??"]

1. e4 c5 2. Nf3 Nc6 3. Nc3 e6 4. d4 cxd4 5. Nxd4 a6 6. Bf4 d6 7. Nxc6 bxc6 8.
Qd2 e5 9. Be3 Nf6 10. Bc4 Be7 11. f3 O-O 12. g4 Be6 13. Bxe6 fxe6 14. Qg2 Nd7
15. O-O-O Nb6 16. Qe2 Bg5 17. Kb1 Bxe3 18. Qxe3 Rb8 19. Qe2 a5 20. Rhg1 Nc8 21.
Ka1 Qb6 22. b3 Qb4 23. Na4 Qb7 24. g5 g6 25. Nb2 Rf7 26. Rd3 Qb4 27. Rgd1 d5
28. exd5 exd5 29. Qxe5 Ne7 30. Rd4 Qb5 31. c4 Qb7 32. Nd3 Nf5 33. Rf4 Re7 34.
Qc3 Qb6 35. cxd5 cxd5 36. Ra4 Qe3 37. f4 Qf3 38. Rc1 Ra7 39. Qe5 Rf8 40. Ne1
Qh1 41. Qe6+ Kh8 42. Rc8 Raf7 43. Qe5+ Ng7 44. Qc3 Kg8 45. Rxa5 Rxc8 46. Qxc8+
Rf8 47. Qc1 Ne6 48. Ra4 Qg1 49. Qd2 Re8 50. Kb2 Qf1 51. Nd3 Rc8 52. a3 Qg1 53.
Ka2 Kh8 54. Ne5 Qb6 55. Qb2 Ng7 56. Nd7 Qc7 57. Nf6 Rd8 58. Rd4 Qc5 59. f5 h5
60. fxg6 Qe7 61. Rh4 Qe1 62. Nxh5 d4 63. Ng3+ Kg8 64. Rxd4 Re8 65. Rd7 Re5 66.
Rf7 Ne8 67. Nf5 Rxf5 68. Rxf5 Nd6 69. Re5 Qh4 70. Re7 Qh8 71. Qg2 Kf8 72. Qa8+
Kxe7 73. Qxh8 Kd7 74. g7 Nf7 75. Qh3+ Kc6 76. g8=Q Nd6 77. Qb8 Kc5 78. Qd3 Nf5
79. Qc7# {Hossa checkmated} 1-0

[Event "ICS rated blitz match"]
[Site "204.178.125.65"]
[Date "2000.08.13"]
[Round "?"]
[White "freak"]
[Black "Hossa"]
[Result "1-0"]
[WhiteElo "2843"]
[BlackElo "2537"]
[PlyCount "109"]
[EventDate "2000.??.??"]

1. e4 c5 2. Nc3 Nc6 3. g3 g6 4. Bg2 Bg7 5. d3 d6 6. f4 e6 7. Nf3 Nge7 8. O-O
O-O 9. Be3 Nd4 10. e5 Nef5 11. Bf2 Nxf3+ 12. Qxf3 Nd4 13. Qd1 dxe5 14. fxe5
Bxe5 15. Ne4 f5 16. Nxc5 Qc7 17. b4 f4 18. c3 Nb5 19. d4 fxg3 20. hxg3 Bxg3 21.
Bxg3 Qxg3 22. Rxf8+ Kxf8 23. Qf1+ Ke7 24. Qxb5 Qe3+ 25. Kf1 Qf4+ 26. Ke2 Qh2
27. Kf3 e5 28. Ne4 Qh5+ 29. Kg3 Qg4+ 30. Kh2 Qf4+ 31. Kg1 Qe3+ 32. Nf2 exd4 33.
Bxb7 Qxc3 34. Rf1 Qg3+ 35. Bg2 Rb8 36. Qc5+ Qd6 37. Re1+ Be6 38. Qxa7+ Kf8 39.
Rxe6 Qxe6 40. Qxb8+ Ke7 41. Qc7+ Qd7 42. Qe5+ Qe6 43. Qg7+ Qf7 44. Qxf7+ Kxf7
45. a4 Ke6 46. a5 g5 47. a6 h5 48. a7 g4 49. a8=Q Kd7 50. Bc6+ Ke7 51. Qe8+ Kf6
52. Qf8+ Kg6 53. Ne4 Kh7 54. Be8 h4 55. Ng5# {Hossa checkmated} 1-0

[Event "ICS rated standard match"]
[Site "204.178.125.65"]
[Date "2000.08.13"]
[Round "?"]
[White "Hossa"]
[Black "Battler"]
[Result "1-0"]
[WhiteElo "2335"]
[BlackElo "1913"]
[PlyCount "40"]
[EventDate "2000.??.??"]

1. e4 e6 2. d4 d5 3. e5 c5 4. c3 Nc6 5. Nf3 Bd7 6. Be2 f5 7. O-O cxd4 8. cxd4
Qb6 9. Nc3 Rc8 10. Na4 Qd8 11. Be3 b6 12. Nc3 Be7 13. Nb5 g6 14. Nd6+ Bxd6 15.
exd6 Nf6 16. Rc1 O-O 17. Bh6 Re8 18. Bg5 Rf8 19. Ba6 Rb8 20. Ne5 Bc8 {
Battler resigns} 1-0

[Event "ICS rated standard match"]
[Site "204.178.125.65"]
[Date "2000.08.13"]
[Round "?"]
[White "Hossa"]
[Black "huck"]
[Result "1/2-1/2"]
[WhiteElo "2338"]
[BlackElo "2175"]
[PlyCount "111"]
[EventDate "2000.??.??"]

1. e4 c5 2. Nf3 Nc6 3. d4 cxd4 4. Nxd4 Nf6 5. Nc3 d6 6. f3 e6 7. Bb5 Bd7 8. Nb3
Be7 9. Be3 a6 10. Be2 Rc8 11. a4 Na5 12. Nxa5 Qxa5 13. O-O O-O 14. Qd2 Qc7 15.
Rfd1 Bc6 16. a5 Nd7 17. f4 Rfe8 18. Bd4 e5 19. Ba7 exf4 20. Qxf4 Ne5 21. Rf1
Rf8 22. Bb6 Qb8 23. Rac1 Nd7 24. Nd5 Bxd5 25. exd5 Nxb6 26. axb6 Bf6 27. c3
Rce8 28. Rce1 Qd8 29. Qf2 Bg5 30. Bh5 g6 31. Bf3 Rxe1 32. Rxe1 Re8 33. Rxe8+
Qxe8 34. Qe2 Be3+ 35. Kf1 Qe5 36. g3 h5 37. Qc4 Bxb6 38. Qe4 Qxe4 39. Bxe4 Kg7
40. h4 Kf6 41. Ke2 Ke5 42. Bc2 f5 43. Ba4 f4 44. Kf3 fxg3 45. Be8 g2 46. Kxg2
Kf6 47. Bd7 Be3 48. Bc8 a5 49. Bxb7 Bc1 50. b3 Bb2 51. c4 Bd4 52. Bc6 Bc5 53.
Be8 Bb4 54. Kh3 Bc5 55. Kg2 Bb4 56. Kh3 1/2-1/2

[Event "ICS rated standard match"]
[Site "204.178.125.65"]
[Date "2000.08.13"]
[Round "?"]
[White "Hossa"]
[Black "stevesand"]
[Result "1-0"]
[WhiteElo "2337"]
[BlackElo "2122"]
[PlyCount "51"]
[EventDate "2000.??.??"]

1. e4 c6 2. c4 d5 3. cxd5 cxd5 4. exd5 Nf6 5. Nc3 g6 6. Bb5+ Nbd7 7. d4 a6 8.
Bd3 Bg7 9. d6 exd6 10. Qe2+ Qe7 11. Qxe7+ Kxe7 12. Nge2 b5 13. O-O Bb7 14. Re1
Rhe8 15. Bg5 Kf8 16. Bf4 Re6 17. Ng3 Rae8 18. Rxe6 Rxe6 19. Bd2 Nd5 20. Nxd5
Bxd5 21. Ne2 Be4 22. Bxe4 Rxe4 23. Re1 Ke7 24. f3 Re6 25. d5 Rf6 26. Bg5 {
stevesand resigns} 1-0

[Event "ICS rated standard match"]
[Site "204.178.125.65"]
[Date "2000.08.13"]
[Round "?"]
[White "Hossa"]
[Black "stevesand"]
[Result "1/2-1/2"]
[WhiteElo "2351"]
[BlackElo "2108"]
[PlyCount "61"]
[EventDate "2000.??.??"]

1. e4 c6 2. c4 d5 3. cxd5 cxd5 4. exd5 Nf6 5. Nc3 g6 6. Bb5+ Nbd7 7. d4 a6 8.
Bd3 Bg7 9. d6 exd6 10. Qe2+ Qe7 11. Qxe7+ Kxe7 12. Nge2 b5 13. O-O Bb7 14. Re1
Rhe8 15. Ng3+ Kf8 16. Bf4 Rxe1+ 17. Rxe1 Ne8 18. Nge2 f5 19. a3 Rc8 20. f3 Nb6
21. Nd1 Nd5 22. Bd2 Nec7 23. Ndc3 Nxc3 24. bxc3 Nd5 25. Nf4 Nxf4 26. Bxf4 Rxc3
27. Bxd6+ Kg8 28. Re8+ Kf7 29. Re7+ Kg8 30. Re8+ Kf7 31. Re7+ 1/2-1/2

[Event "ICS rated standard match"]
[Site "204.178.125.65"]
[Date "2000.08.13"]
[Round "?"]
[White "Trap"]
[Black "Hossa"]
[Result "1-0"]
[WhiteElo "2102"]
[BlackElo "2341"]
[PlyCount "175"]
[EventDate "2000.??.??"]

1. d4 d5 2. Nf3 Nf6 3. Bf4 c6 4. e3 Bf5 5. c3 e6 6. Be2 Bd6 7. Bxd6 Qxd6 8.
Nbd2 Nbd7 9. h3 O-O 10. O-O e5 11. dxe5 Nxe5 12. Nxe5 Qxe5 13. Nf3 Qe7 14. Nd4
Bg6 15. c4 c5 16. Nf3 Rfd8 17. cxd5 Nxd5 18. Qb3 Be4 19. Rfd1 Nb4 20. Ne1 Bd5
21. Bc4 Be6 22. a3 Nc6 23. Bxe6 fxe6 24. Nf3 Rf8 25. Rac1 b6 26. Qa4 Rac8 27.
b4 Rf5 28. e4 Rff8 29. bxc5 bxc5 30. Qc4 Nd8 31. e5 Qc7 32. Rd6 Qb7 33. Rcd1 a5
34. Ng5 h6 35. Rxd8 hxg5 36. Qxe6+ Kh8 37. Rxc8 Rxc8 38. Qg4 Kg8 39. Qxg5 Rf8
40. e6 Qb2 41. Qxc5 Qe2 42. Rd6 a4 43. Qd4 Rf6 44. Qe3 Qxe3 45. fxe3 Kf8 46.
Ra6 Ke7 47. Rxa4 Rxe6 48. Kf2 Rc6 49. Ra7+ Kf6 50. a4 Rc1 51. a5 Kg6 52. a6 Ra1
53. Ra8 Kf7 54. a7 Kg6 55. Kf3 Rf1+ 56. Kg3 Ra1 57. e4 Ra3+ 58. Kh2 Kf7 59. e5
Kg6 60. h4 Kf7 61. g3 Ra2+ 62. Kh3 Kg6 63. h5+ Kf7 64. g4 Ra3+ 65. Kh4 Ra1 66.
Kg5 Ra5 67. Kf5 g6+ 68. hxg6+ Kg7 69. g5 Ra3 70. e6 Ra5+ 71. Kg4 Rxg5+ 72. Kf4
Ra5 73. e7 Ra4+ 74. Ke5 Ra5+ 75. Kd6 Ra1 76. e8=Q Ra6+ 77. Kc5 Kf6 78. Qf7+ Kg5
79. g7 Ra5+ 80. Kb6 Rf5 81. g8=Q+ Kf4 82. Qxf5+ Kxf5 83. Qe8 Kf4 84. Qe7 Kg3
85. Rf8 Kh2 86. Qg7 Kh1 87. a8=Q+ Kh2 88. Qag2# {Hossa checkmated} 1-0

[Event "ICS rated standard match"]
[Site "204.178.125.65"]
[Date "2000.08.13"]
[Round "?"]
[White "Hossa"]
[Black "KampfTrinker"]
[Result "1-0"]
[WhiteElo "2315"]
[BlackElo "2439"]
[PlyCount "61"]
[EventDate "2000.??.??"]

1. d4 c5 2. e3 Nf6 3. Nf3 d5 4. dxc5 Qa5+ 5. Nbd2 Qxc5 6. Bd3 e6 7. O-O Be7 8.
e4 dxe4 9. Nxe4 Nxe4 10. Bxe4 O-O 11. Be3 Qb4 12. Qd4 f5 13. Qxb4 Bxb4 14. Bd3
f4 15. Bc1 Nc6 16. Rd1 Be7 17. c3 a5 18. Bb5 Rb8 19. Bd2 Bd6 20. Re1 Bd7 21.
Rad1 Rbd8 22. c4 Bc7 23. Bc3 Rfe8 24. c5 Re7 25. Re4 Ree8 26. Bc4 h6 27. Bb3
Re7 28. Rde1 Kh7 29. R4e2 Rde8 30. Bc2+ Kg8 31. Nh4 1-0

[Event "ICS rated standard match"]
[Site "204.178.125.65"]
[Date "2000.08.13"]
[Round "?"]
[White "KampfTrinker"]
[Black "Hossa"]
[Result "1-0"]
[WhiteElo "2416"]
[BlackElo "2335"]
[PlyCount "105"]
[EventDate "2000.??.??"]

1. e4 c5 2. Nf3 Nc6 3. d4 cxd4 4. Nxd4 e6 5. Nc3 Nf6 6. Ndb5 Bb4 7. a3 Bxc3+ 8.
Nxc3 O-O 9. Bg5 h6 10. Bxf6 Qxf6 11. Bd3 d6 12. O-O Bd7 13. Qd2 Rfd8 14. f4
Qd4+ 15. Qf2 g6 16. Rad1 Qc5 17. Qxc5 dxc5 18. e5 Nd4 19. Ne4 Ba4 20. Nxc5 Bxc2
21. Bxc2 Nxc2 22. Nxb7 Rd5 23. Rxd5 exd5 24. Rf2 Ne3 25. Nd6 a5 26. Re2 d4 27.
Kf2 Rb8 28. Kf3 Rb3 29. Ke4 d3 30. Rxe3 d2 31. Rxb3 d1=Q 32. Rb8+ Kh7 33. Rb7
Qe2+ 34. Kd4 Qxg2 35. Rxf7+ Kg8 36. b4 Qxh2 37. b5 Qa2 38. Kc5 Qxa3+ 39. Kc6
Qc1+ 40. Kd7 Qe3 41. e6 a4 42. e7 Qa7+ 43. Ke6 Qe3+ 44. Kd5 a3 45. Rf8+ Kh7 46.
e8=Q Qd3+ 47. Kc5 Qc3+ 48. Nc4 Qg7 49. Rf7 h5 50. Rxg7+ Kxg7 51. Ne5 h4 52.
Qxg6+ Kf8 53. Qf7# {Hossa checkmated} 1-0

[Event "ICS rated blitz match"]
[Site "204.178.125.65"]
[Date "2000.08.14"]
[Round "?"]
[White "Foe-hammer"]
[Black "Hossa"]
[Result "1-0"]
[WhiteElo "2664"]
[BlackElo "2532"]
[PlyCount "149"]
[EventDate "2000.??.??"]

1. e4 c5 2. Nf3 Nc6 3. d4 cxd4 4. Nxd4 e5 5. Nxc6 bxc6 6. Bc4 Nf6 7. Qe2 Be7 8.
O-O O-O 9. Rd1 d6 10. a4 Rb8 11. Nc3 Be6 12. h3 Nd7 13. Bxe6 fxe6 14. Qc4 Rf7
15. Qxe6 Qc7 16. b3 Nc5 17. Qc4 Qa5 18. Na2 Rc8 19. Nb4 Qc7 20. Be3 Nd7 21. a5
Nf6 22. a6 Nd7 23. Ra2 Nb6 24. Qe6 Rcf8 25. Raa1 Nd7 26. Kf1 Nf6 27. Qc4 Rc8
28. Rd3 Bf8 29. Rc1 Nd7 30. Rcd1 Be7 31. R3d2 Nf6 32. c3 h6 33. Kg1 Bf8 34. Kh2
Qd7 35. Rc2 g6 36. Qd3 Rb8 37. Rb2 Qc7 38. f3 g5 39. Rc2 c5 40. Nd5 Nxd5 41.
Qxd5 Qb6 42. b4 Qxa6 43. bxc5 dxc5 44. Qxe5 Qb6 45. Rcd2 a6 46. Rd7 Rb7 47.
Rxb7 Rxb7 48. Rd5 Qc7 49. Qxc7 Rxc7 50. Kg3 Bg7 51. c4 Bf8 52. h4 gxh4+ 53.
Kxh4 Rg7 54. Bxc5 Rg5 55. Bb6 Rxg2 56. c5 Be7+ 57. Kh5 Kh7 58. c6 Rg8 59. c7
Kg7 60. Rd8 Bxd8 61. c8=Q Bxb6 62. Qb7+ Kf6 63. Qxb6+ Ke5 64. Qc7+ Kd4 65. Qa7+
Ke5 66. f4+ Kxf4 67. Qf7+ Ke5 68. Qxg8 Kd4 69. Qd5+ Ke3 70. e5 Ke2 71. e6 Ke3
72. e7 Kf4 73. e8=Q Kg3 74. Qe1+ Kh2 75. Qdh1# {Hossa checkmated} 1-0

[Event "ICS rated blitz match"]
[Site "204.178.125.65"]
[Date "2000.08.14"]
[Round "?"]
[White "Hossa"]
[Black "QueenMaxima"]
[Result "0-1"]
[WhiteElo "2522"]
[BlackElo "2590"]
[PlyCount "188"]
[EventDate "2000.??.??"]

1. d4 e6 2. g3 Nf6 3. Nf3 b5 4. Bg2 Bb7 5. O-O c5 6. Bf4 Nd5 7. Bd2 cxd4 8.
Nxd4 Qb6 9. Nb3 a5 10. e4 Nf6 11. Be3 Qc7 12. N1d2 Be7 13. Nd4 b4 14. f4 Bc5
15. Rf2 O-O 16. N2b3 Be7 17. e5 Nd5 18. Bxd5 Bxd5 19. Nf5 Nc6 20. Nxe7+ Nxe7
21. Bc5 Rfe8 22. Bd6 Qb7 23. Bxe7 Rxe7 24. Qd4 Ree8 25. a3 Rec8 26. a4 Qa6 27.
f5 Rc7 28. h3 Rac8 29. Qd1 Bxb3 30. cxb3 exf5 31. Qd5 Qa7 32. Kg2 Rc5 33. Qd6
Qa8+ 34. Kh2 Rd5 35. Qe7 Re8 36. Qg5 Rdxe5 37. Qd2 d5 38. Qf4 Qa6 39. Rd1 Qe6
40. Rd3 f6 41. Rdf3 Qb6 42. Qd2 g6 43. Kh1 Re1+ 44. Kh2 Qd6 45. Rd3 R8e5 46.
Rdf3 R5e4 47. Rd3 d4 48. Qc2 h6 49. Qc4+ Kg7 50. Rdf3 h5 51. Qb5 Qd8 52. Qc4 h4
53. gxh4 Qd6+ 54. Kg2 Rxh4 55. Qc8 Rhe4 56. Qa8 Qc5 57. Qb7+ Re7 58. Qa6 Qe5
59. Qb6 Qd5 60. Qa6 f4 61. h4 R7e3 62. Qb5 Qxb5 63. axb5 g5 64. b6 Re7 65. Rd2
R1e2+ 66. Rxe2 Rxe2+ 67. Rf2 f3+ 68. Kf1 gxh4 69. Rxe2 fxe2+ 70. Kxe2 h3 71.
Kf2 h2 72. Kg2 h1=R 73. Kxh1 d3 74. b7 d2 75. b8=Q d1=Q+ 76. Kg2 Qc2+ 77. Kh3
Qxb3+ 78. Kg4 Qc4+ 79. Qf4 Qxf4+ 80. Kxf4 a4 81. Ke3 a3 82. b3 a2 83. Kd3 a1=Q
84. Ke4 Qe5+ 85. Kd3 Qc3+ 86. Ke2 Kf7 87. Kf2 Ke6 88. Ke2 Qxb3 89. Kd2 Qc3+ 90.
Ke2 b3 91. Kf2 b2 92. Kg2 b1=Q 93. Kh2 Qbb2+ 94. Kg1 Qcc1# {Hossa checkmated}
0-1

[Event "ICS rated blitz match"]
[Site "204.178.125.65"]
[Date "2000.08.14"]
[Round "?"]
[White "QueenMaxima"]
[Black "Hossa"]
[Result "1/2-1/2"]
[WhiteElo "2603"]
[BlackElo "2509"]
[PlyCount "141"]
[EventDate "2000.??.??"]

1. d4 d5 2. c4 e6 3. Nc3 Nf6 4. cxd5 exd5 5. Bg5 Bb4 6. Qc2 O-O 7. e3 h6 8. Bh4
Re8 9. Nf3 Bg4 10. Ne5 Bc8 11. Bd3 Nbd7 12. Nxd7 Bxd7 13. O-O c6 14. Qb3 Bxc3
15. bxc3 Qb6 16. Bxf6 Qxb3 17. axb3 gxf6 18. h3 f5 19. Ra5 Kg7 20. Rfa1 a6 21.
Kf1 Kg8 22. h4 f4 23. exf4 Re7 24. Re1 Rxe1+ 25. Kxe1 Re8+ 26. Kf1 Kg7 27. Ra2
Bg4 28. f3 Re3 29. Rd2 Bc8 30. Kf2 Re7 31. h5 f5 32. Bc2 a5 33. Re2 Rxe2+ 34.
Kxe2 Bd7 35. Ke3 b6 36. Ke2 c5 37. Ke3 c4 38. bxc4 dxc4 39. d5 a4 40. Kd4 a3
41. Bb1 Bb5 42. Ke5 Bd7 43. Kd6 Ba4 44. Ke7 b5 45. g4 Bc2 46. d6 Bxb1 47. d7 a2
48. d8=Q a1=Q 49. Qf8+ Kh7 50. Qf7+ Kh8 51. Qe8+ Kg7 52. Qg6+ Kh8 53. Qxh6+ Kg8
54. Qg6+ Kh8 55. Qe8+ Kh7 56. Qf7+ Kh8 57. Kf6 Qa6+ 58. Kg5 Qc8 59. Qf6+ Kh7
60. Qe7+ Kh8 61. h6 Qg8+ 62. Kh5 fxg4 63. Qe5+ Kh7 64. Qc7+ Kh8 65. f5 gxf3 66.
Qe5+ Kh7 67. Qe7+ Kh8 68. Qf6+ Kh7 69. Qe7+ Kh8 70. Qe5+ Kh7 71. Qe7+ 1/2-1/2

[Event "ICS rated blitz match"]
[Site "204.178.125.65"]
[Date "2000.08.14"]
[Round "?"]
[White "Hossa"]
[Black "QueenMaxima"]
[Result "1-0"]
[WhiteElo "2513"]
[BlackElo "2599"]
[PlyCount "167"]
[EventDate "2000.??.??"]

1. e4 c5 2. Nf3 e6 3. d4 cxd4 4. Nxd4 Nc6 5. c4 Nf6 6. Nxc6 bxc6 7. Nc3 Bb4 8.
Bd3 Bxc3+ 9. bxc3 Qa5 10. O-O Rb8 11. Be3 Rb2 12. a4 Qxc3 13. Bxa7 Rd2 14. Ra3
Qxa3 15. Qxd2 Qxa4 16. Bc5 Bb7 17. e5 Ng8 18. Bc2 Qxc4 19. Qd6 Qxc5 20. Qxc5
Ne7 21. Rd1 h6 22. Qa3 Bc8 23. Qa8 O-O 24. Qa3 Re8 25. Qd3 g6 26. Qd2 Kh7 27.
g4 Nd5 28. h4 Ba6 29. Ra1 Bb5 30. Ra7 Re7 31. Ra8 c5 32. Ra5 Bc6 33. Rxc5 Re8
34. f3 Ra8 35. Bd3 Ra1+ 36. Rc1 Rxc1+ 37. Qxc1 Kg7 38. Be4 Ne7 39. Bxc6 Nxc6
40. f4 Ne7 41. Qc7 Nd5 42. Qxd7 Nxf4 43. Qd8 Nd5 44. Kf2 Nc3 45. h5 gxh5 46.
gxh5 Ne4+ 47. Kg2 Ng5 48. Qf6+ Kh7 49. Kf1 Kg8 50. Qxh6 Nh7 51. Qf4 Kg7 52. Ke2
Kf8 53. h6 Ke7 54. Qb4+ Kd7 55. Qb7+ Ke8 56. Qc8+ Ke7 57. Qc7+ Ke8 58. Kf3 Nf8
59. Qc8+ Ke7 60. Qb7+ Ke8 61. Qc6+ Ke7 62. Qc5+ Ke8 63. Qb5+ Ke7 64. Qb4+ Ke8
65. Qb8+ Ke7 66. Qd6+ Ke8 67. Kf4 Nh7 68. Qb8+ Ke7 69. Qh8 Nf8 70. Kg5 Ng6 71.
Qf6+ Ke8 72. Qxe6+ fxe6 73. Kxg6 Kd7 74. h7 Kc6 75. Kf6 Kd5 76. h8=Q Kd4 77.
Qd8+ Ke3 78. Qd1 Ke4 79. Kxe6 Kf4 80. Qe1 Kf3 81. Kf5 Kg2 82. Kg4 Kh2 83. Kf3
Kh3 84. Qh1# 1-0

[Event "ICS rated standard match"]
[Site "204.178.125.65"]
[Date "2000.08.14"]
[Round "?"]
[White "Hossa"]
[Black "matemastr"]
[Result "0-1"]
[WhiteElo "2323"]
[BlackElo "2364"]
[PlyCount "124"]
[EventDate "2000.??.??"]

1. d4 d5 2. c4 dxc4 3. Nf3 Nf6 4. e3 e6 5. Bxc4 c5 6. O-O a6 7. Qe2 b5 8. Bb3
Bb7 9. Rd1 Nbd7 10. Nc3 Qb8 11. d5 c4 12. Bc2 Bd6 13. e4 O-O 14. Bg5 Re8 15.
dxe6 Rxe6 16. a3 h6 17. Bh4 Qc7 18. Kh1 Ree8 19. Rd4 Bf4 20. a4 Bc6 21. axb5
axb5 22. Rxa8 Rxa8 23. Rd1 b4 24. Nd5 Bxd5 25. exd5 Re8 26. Qf1 c3 27. bxc3 g5
28. Bg3 Qxc3 29. Ba4 Bxg3 30. fxg3 b3 31. Bxd7 Nxd7 32. Nd4 b2 33. Nf5 Qf6 34.
d6 Ra8 35. Rb1 Ra1 36. h4 Rxb1 37. Qxb1 Qc3 38. Kh2 Qc1 39. Qe4 Nf6 40. d7 Kh7
41. d8=Q b1=Q 42. Qxb1 Ng4+ 43. Kh3 Nf2+ 44. Kh2 Qxb1 45. g4 Qh1+ 46. Kg3 Ne4+
47. Kf3 Qe1 48. Nxh6 Nd2+ 49. Qxd2 Qxd2 50. hxg5 Qd3+ 51. Kf2 Kg6 52. Nf5 Kxg5
53. Ne3 Kf4 54. g3+ Ke4 55. Nf1 Qc2+ 56. Kg1 Kf3 57. Nh2+ Kxg3 58. Nf1+ Kh3 59.
Ne3 Qe2 60. g5 Qxe3+ 61. Kf1 Kg3 62. g6 Qf2# {Hossa checkmated} 0-1

[Event "ICS rated standard match"]
[Site "204.178.125.65"]
[Date "2000.08.14"]
[Round "?"]
[White "matemastr"]
[Black "Hossa"]
[Result "1-0"]
[WhiteElo "2394"]
[BlackElo "2315"]
[PlyCount "135"]
[EventDate "2000.??.??"]

1. d4 Nf6 2. c4 e6 3. Nf3 d5 4. Bg5 Be7 5. Nc3 h6 6. Bh4 g5 7. Bg3 Ne4 8. e3
Bb4 9. Qb3 Nxg3 10. hxg3 Ba5 11. O-O-O c6 12. g4 Nd7 13. Be2 dxc4 14. Bxc4 Nf6
15. Ne5 Qe7 16. Bd3 Bc7 17. Ne4 Bxe5 18. dxe5 Nxe4 19. Bxe4 Qc5+ 20. Qc2 Qxc2+
21. Kxc2 Bd7 22. Rh2 O-O-O 23. Rdh1 c5 24. Rxh6 Rhg8 25. Rh7 Be8 26. b3 a5 27.
a4 c4 28. bxc4 Bxa4+ 29. Kc3 Be8 30. c5 a4 31. Ra1 Kc7 32. Rb1 Rb8 33. Rb6 Kc8
34. f3 Rf8 35. Rg7 Rh8 36. Rxg5 Bd7 37. Rg7 Be8 38. g5 a3 39. Kb3 Kd8 40. Kxa3
Rf8 41. g6 Kc8 42. Rh7 Kd8 43. g7 Rg8 44. Rxb7 Rxb7 45. Bxb7 Kc7 46. Ba6 Bc6
47. Kb4 Kd7 48. Ka5 Kc7 49. e4 Bd7 50. Kb4 Bc6 51. Kc3 Kd7 52. Kd4 Kc7 53. f4
Rd8+ 54. Ke3 Rg8 55. f5 exf5 56. exf5 Bd7 57. f6 Ra8 58. Bc4 Kc6 59. Kd4 Ra1
60. g8=Q Rd1+ 61. Bd3 Rxd3+ 62. Kxd3 Bf5+ 63. Kd4 Bxh7 64. Qc8+ Kb5 65. Qb7+
Ka5 66. Qb6+ Ka4 67. Kc3 Be4 68. Qb4# {Hossa checkmated} 1-0

[Event "ICS rated standard match"]
[Site "204.178.125.65"]
[Date "2000.08.14"]
[Round "?"]
[White "Hossa"]
[Black "ZZZZ4"]
[Result "1-0"]
[WhiteElo "2307"]
[BlackElo "2200"]
[PlyCount "46"]
[EventDate "2000.??.??"]

1. e4 c6 2. c4 d5 3. cxd5 cxd5 4. exd5 Qxd5 5. Nc3 Qa5 6. Nf3 Nf6 7. Bb5+ Bd7
8. Qb3 Bxb5 9. Nxb5 Nc6 10. Nd6+ exd6 11. Qxb7 Rd8 12. Qxc6+ Nd7 13. O-O Qc5
14. Qe4+ Be7 15. b4 d5 16. Qg4 Qd6 17. Qxg7 Qf6 18. Qxf6 Bxf6 19. d4 O-O 20.
Bh6 Rfe8 21. Rfe1 Nb8 22. Rxe8+ Rxe8 23. Rc1 Na6 {ZZZZ4 resigns} 1-0

[Event "ICS Rated standard match"]
[Site "204.178.125.65"]
[Date "2000.08.14"]
[Round "?"]
[White "Hossa"]
[Black "PolarBear1"]
[Result "1-0"]
[WhiteElo "2308"]
[BlackElo "1931"]
[PlyCount "87"]
[EventDate "2000.??.??"]

1. e4 g6 2. d4 Bg7 3. Nc3 c6 4. Nf3 d6 5. Bc4 Nf6 6. e5 dxe5 7. Nxe5 O-O 8. Bf4
Nd5 9. Qf3 Be6 10. Nxd5 Bxd5 11. Bxd5 Qxd5 12. Qxd5 cxd5 13. Kd2 Rc8 14. c3
Bxe5 15. Bxe5 Nc6 16. Bf4 e6 17. g4 b5 18. Bh6 b4 19. Rab1 Rab8 20. Bg5 Kf8 21.
Bf4 Rb7 22. Bd6+ Ke8 23. Bc5 Kd7 24. Rhe1 a5 25. cxb4 Nxb4 26. a3 Na6 27. b4
axb4 28. axb4 Rcb8 29. Kc3 Nxc5 30. dxc5 f6 31. c6+ Kxc6 32. Rxe6+ Kd7 33. Rxf6
Ke7 34. g5 Rc7+ 35. Kd3 Ke8 36. b5 Rf7 37. b6 Rxf6 38. gxf6 Kf7 39. Kd4 Kxf6
40. b7 Ke7 41. Kc5 Kd7 42. Kb6 d4 43. Rd1 Ke6 44. Rxd4 {PolarBear1 resigns} 1-0

[Event "ICS rated standard match"]
[Site "204.178.125.65"]
[Date "2000.08.14"]
[Round "?"]
[White "stevesand"]
[Black "Hossa"]
[Result "1/2-1/2"]
[WhiteElo "2104"]
[BlackElo "2326"]
[PlyCount "68"]
[EventDate "2000.??.??"]

1. d4 Nf6 2. Nf3 e6 3. g3 b6 4. Bg2 Bb7 5. O-O c5 6. c4 cxd4 7. Nxd4 Bxg2 8.
Kxg2 Nc6 9. Nxc6 dxc6 10. Qa4 Qc8 11. Nc3 Be7 12. Bf4 O-O 13. Rfd1 Qb7 14. Kg1
Rfd8 15. Rxd8+ Rxd8 16. Rd1 Nd7 17. Ne4 e5 18. Bg5 f6 19. Be3 f5 20. Nd6 Bxd6
21. Rxd6 Rc8 22. Qd1 Nf8 23. Qd3 Qf7 24. f4 e4 25. Qc3 c5 26. Qe5 Qxc4 27. Qxf5
Qxe2 28. Qxc8 Qxe3+ 29. Kg2 Qe2+ 30. Kh3 e3 31. Rd8 Qh5+ 32. Kg2 Qe2+ 33. Kh3
Qh5+ 34. Kg2 Qe2+ 1/2-1/2

[Event "ICS rated standard match"]
[Site "204.178.125.65"]
[Date "2000.08.14"]
[Round "?"]
[White "raw-pawn"]
[Black "Hossa"]
[Result "0-1"]
[WhiteElo "2065"]
[BlackElo "2317"]
[PlyCount "48"]
[EventDate "2000.??.??"]

1. e4 c5 2. Nf3 Nc6 3. d4 cxd4 4. Nxd4 Qb6 5. Nxc6 bxc6 6. Nc3 d6 7. Bc4 Nf6 8.
O-O e5 9. Bb3 Ba6 10. Be3 Qc7 11. Re1 Be7 12. f4 O-O 13. f5 Rad8 14. g4 d5 15.
exd5 Nxd5 16. Nxd5 cxd5 17. g5 d4 18. f6 dxe3 19. fxe7 Qxe7 20. Qh5 e2 21. g6
Qc5+ 22. Kg2 Bb7+ 23. Kg3 Qe3+ 24. Kh4 Qf2+ {raw-pawn resigns} 0-1

[Event "ICS rated standard match"]
[Site "204.178.125.65"]
[Date "2000.08.14"]
[Round "?"]
[White "Hossa"]
[Black "stevesand"]
[Result "1-0"]
[WhiteElo "2323"]
[BlackElo "2092"]
[PlyCount "181"]
[EventDate "2000.??.??"]

1. e4 c6 2. c4 d5 3. cxd5 cxd5 4. exd5 Nf6 5. Nc3 g6 6. Bb5+ Nbd7 7. d4 a6 8.
Bd3 Nb6 9. d6 Qxd6 10. Nge2 Bg7 11. O-O O-O 12. Bf4 Qd8 13. Qd2 Nbd5 14. Nxd5
Nxd5 15. Bh6 b5 16. Be4 Bb7 17. Bxg7 Kxg7 18. Rfc1 Qb6 19. Bxd5 Bxd5 20. Nc3
Rfd8 21. Qe3 Qf6 22. Nxd5 Rxd5 23. Rc7 e6 24. Rd1 Rad8 25. h3 Rxd4 26. Rxd4
Rxd4 27. g4 Rd6 28. Kg2 Qd4 29. Qxd4+ Rxd4 30. g5 Rd2 31. Ra7 Rxb2 32. Rxa6 h6
33. h4 Rc2 34. Kf3 Rc4 35. Kg3 Rc3+ 36. f3 Rc5 37. f4 Rc3+ 38. Kg2 b4 39. Ra4
Ra3 40. Rxb4 Rxa2+ 41. Kg3 Ra3+ 42. Kg2 hxg5 43. hxg5 Kf8 44. Rb8+ Kg7 45. Rb4
Ra5 46. Kf3 Rf5 47. Kg4 Kf8 48. Rb7 Ke8 49. Ra7 Kd8 50. Rb7 Ke8 51. Ra7 Kf8 52.
Rb7 e5 53. fxe5 Rxe5 54. Kf4 Rc5 55. Kg4 Rd5 56. Rc7 Ke8 57. Kf4 Rd7 58. Rc4
Ke7 59. Re4+ Kd6 60. Re1 Ra7 61. Rd1+ Kc5 62. Rf1 Kd4 63. Kg3 Ke4 64. Rf4+ Ke3
65. Rf3+ Ke4 66. Rf4+ Ke5 67. Rf6 Ra3+ 68. Kf2 Ra7 69. Kg3 Re7 70. Kf3 Kd5 71.
Kf4 Re1 72. Kg3 Rg1+ 73. Kf2 Rxg5 74. Rxf7 Ke5 75. Re7+ Kf6 76. Rh7 Ra5 77. Kg1
g5 78. Rh6+ Kf5 79. Rh3 g4 80. Rh5+ Kf4 81. Rxa5 Kf3 82. Re5 Kg3 83. Rf5 Kh3
84. Kf2 Kh4 85. Ke3 Kg3 86. Rg5 Kh4 87. Kf4 Kh3 88. Rxg4 Kh2 89. Kf3 Kh3 90.
Re4 Kh2 91. Re1 {stevesand resigns} 1-0

[Event "ICS rated standard match"]
[Site "204.178.125.65"]
[Date "2000.08.14"]
[Round "?"]
[White "stevesand"]
[Black "Hossa"]
[Result "0-1"]
[WhiteElo "2085"]
[BlackElo "2330"]
[PlyCount "60"]
[EventDate "2000.??.??"]

1. d4 Nf6 2. Nf3 e6 3. g3 b6 4. Bg2 Bb7 5. O-O c5 6. c4 cxd4 7. Nxd4 Bxg2 8.
Kxg2 Nc6 9. Nxc6 dxc6 10. Qa4 Qc8 11. Nc3 Be7 12. Rd1 Nd7 13. Ne4 O-O 14. Be3
Rd8 15. Rd2 Qc7 16. Rad1 Nf8 17. Rxd8 Rxd8 18. Rxd8 Bxd8 19. Qd1 Be7 20. Bf4 e5
21. Be3 f5 22. Nc3 Ne6 23. Qd3 e4 24. Qd2 Bd6 25. a3 Be5 26. b4 g5 27. f3 f4
28. gxf4 exf3+ 29. exf3 gxf4 30. Bg1 Qg7+ {stevesand resigns} 0-1

[Event "ICS rated standard match"]
[Site "204.178.125.65"]
[Date "2000.08.14"]
[Round "?"]
[White "Hossa"]
[Black "stevesand"]
[Result "1-0"]
[WhiteElo "2336"]
[BlackElo "2079"]
[PlyCount "55"]
[EventDate "2000.??.??"]

1. c4 e5 2. Nc3 Nf6 3. g3 Nc6 4. Nf3 Bb4 5. Bg2 O-O 6. a3 Bxc3 7. bxc3 d6 8. d4
h6 9. Bb2 e4 10. Nd2 e3 11. fxe3 Ng4 12. Nf1 Qe7 13. Qc2 Nxe3 14. Nxe3 Qxe3 15.
Bc1 Qe7 16. O-O Bd7 17. Rb1 Rab8 18. e4 Na5 19. Qd3 c5 20. Bf4 Rfd8 21. e5 dxe5
22. Rbe1 Nc6 23. Bxc6 Bxc6 24. Bxe5 Qg5 25. Bxb8 Rxb8 26. Re5 Qg4 27. Rxc5 Re8
28. Qf5 {stevesand resigns} 1-0